zpět

Detail výsledku týmu

U Opata, Pardubice

Datum a čas kvízu

23.5 Celkem bodů Celkový počet nahraných bodů na tomto kvízu bez doplňovacích otázek.
5. Pořadí na kvízu Konečné umístění týmu na tomto kvízu.

Zaznamenané odpovědi

# Otázka Odpověď Body Výsledky
1. Česká advokátní komora uložila... 1
2. Nejmodernější typ policejního... 1
3. Ve zlínském obchodním a zábavn... 0
4. Bývalého hokejového brankáře,... 1
5. Velkou jarní cenu ovládl v ned... 0
6. Dědictví aneb Kurvahošigutntag... 0
7. V Brně na ulici Česká se natáč... 1
8. Kterou značku cigaret má Bohuš... 0
9. Kterou polévku si objednal prá... 0
10. Pták, kterého Bohuš koupil Ire... 0